Living With Rainbow/ (Record no. 210326)

MARC details
000 -LEADER
fixed length control field 00579nam a22002057a 4500
005 - DATE AND TIME OF LATEST TRANSACTION
control field 20250317150351.0
010 ## - LCCN (DPL NO)
LC control number ENG-144100
020 ## - INTERNATIONAL STANDARD BOOK NUMBER
International Standard Book Number 9789358114362
Terms of availability 450.00
035 ## - SYSTEM CONTROL NUMBER
System control number EN-127632
037 ## - SOURCE OF ACQUISITION
Stock number DBAD
082 ## - DEWEY DECIMAL CLASSIFICATION NUMBER
Classification number 881
Edition number 1
100 ## - MAIN ENTRY--PERSONAL NAME
Personal name Paul, Asim Kumar
245 ## - TITLE STATEMENT
Title Living With Rainbow/
Statement of responsibility, etc Asim Kumar Paul
250 ## - EDITION STATEMENT
Edition statement 1
260 ## - PUBLICATION, DISTRIBUTION, ETC. (IMPRINT)
Place of publication, distribution, etc West Bengal
Name of publisher, distributor, etc Asim Kumar Paul
Date of publication, distribution, etc 2023
270 ## - ADDRESS
Address GopalNagar, Jhapatapur, Kharagpur, Paschim Medinipur
City West Bengal
Postal code 721301
300 ## - PHYSICAL DESCRIPTION
Extent 144p.
Dimensions 21cm(pb)
760 ## - MAIN SERIES ENTRY
Edition 1
942 ## - ADDED ENTRY ELEMENTS (KOHA)
Source of classification or shelving scheme Dewey Decimal Classification
Item type English Books
Classification part 881
Call number suffix PAU
Holdings
Withdrawn status Lost status Not for loan Collection code Home library Current library Date acquired Source of acquisition Cost, normal purchase price Full call number Barcode Cost, replacement price Koha item type
      Non-fiction Janak Puri Janak Puri 17/03/2025 DBAD 450.00 881 PAU EN-127632 450.00 English Books

© Delhi Public Library
Hit Counter
free hit counter